<?xml version="1.0" encoding="UTF-8"?>
<collection xmlns="http://www.loc.gov/MARC21/slim">
<record>
  <controlfield tag="001">956155</controlfield>
  <controlfield tag="005">20230416040234.0</controlfield>
  <datafield tag="150" ind1=" " ind2=" ">
    <subfield code="a">
WASSERSTOFF: Industriegasbrennerentwicklung für Erdgas-Wasserstoff-Gemische (HyInnoBurn) - A
</subfield>
    <subfield code="y">2021-10-01 - 2024-09-30</subfield>
  </datafield>
  <datafield tag="450" ind1=" " ind2=" ">
    <subfield code="a">BMBF 03ZU1115HA</subfield>
    <subfield code="w">d</subfield>
    <subfield code="y">2021-10-01 - 2024-09-30</subfield>
  </datafield>
  <datafield tag="980" ind1=" " ind2=" ">
    <subfield code="a">G</subfield>
  </datafield>
  <datafield tag="980" ind1=" " ind2=" ">
    <subfield code="a">AUTHORITY</subfield>
  </datafield>
  <datafield tag="024" ind1="7" ind2=" ">
    <subfield code="2">I:(DE-82)421510_20170406</subfield>
    <subfield code="a">G:(BMBF)03ZU1115HA</subfield>
    <subfield code="d">03ZU1115HA</subfield>
  </datafield>
  <datafield tag="510" ind1="1" ind2=" ">
    <subfield code="0">I:(DE-588b)5309538-8</subfield>
    <subfield code="a">Bundesministerium für Bildung und Forschung</subfield>
    <subfield code="b">BMBF</subfield>
  </datafield>
  <datafield tag="909" ind1="C" ind2="O">
    <subfield code="o">oai:juser.fz-juelich.de:1006772</subfield>
    <subfield code="p">authority:GRANT</subfield>
    <subfield code="p">authority</subfield>
  </datafield>
  <datafield tag="035" ind1=" " ind2=" ">
    <subfield code="a">G:(BMBF)03ZU1115HA</subfield>
  </datafield>
  <datafield tag="909" ind1="C" ind2="O">
    <subfield code="o">oai:juser.fz-juelich.de:1006772</subfield>
  </datafield>
</record>
</collection>